Sobre ciencia
Guardat en:
| Autor principal: | |
|---|---|
| Format: | Llibre |
| Idioma: | espanyol |
| Publicat: |
Barcelona
Labor
1987
|
| Matèries: | |
| Etiquetes: |
Afegir etiqueta
Sense etiquetes, Sigues el primer a etiquetar aquest registre!
|
MARC
| LEADER | 00000nam a2200000 a 4500 | ||
|---|---|---|---|
| 001 | UCW9275 | ||
| 003 | CL-VaPUC | ||
| 008 | 890111e19870000SP |||||||||||||||||spa|d | ||
| 082 | 0 | 4 | |a 507 |b BAR |2 21 |
| 100 | 0 | |a Barnes, Barry |e author |9 314493 | |
| 245 | 1 | 0 | |a Sobre ciencia |
| 300 | |a 150 p | ||
| 942 | |c BK | ||
| 945 | |d 19890111 00:00:00 | ||
| 260 | |a Barcelona |b Labor |c 1987 | ||
| 650 | 0 | |a Ciencia |9 255691 | |
| 583 | |a last modification |c 19890111 00:00:00 |k Rodrigo Vera | ||
| 999 | |c 221295 |d 221293 | ||
| 952 | |0 0 |1 0 |4 0 |6 507_000000000000000_BAR_1987 |7 0 |8 A |9 214465 |a BIBCUR |b BIBCUR |d 2019-11-15 |i 2830558 |o 507 BAR 1987 |p 2830558 |r 2025-04-22 |w 2019-11-15 |y BK |k FIS | ||